000 00562cas a22002175a 4500
001 L374
008 070626d19921997xxkqr p 0 a0eng
022 _a09674764
035 _a(Sirsi) u98996
041 _aeng
110 2 _aCivic Trust
_92280
245 _aUrban Focus
_bThe Newsletter of the Civic Trust
260 _aLondon
_bCivic Trust
_c1992-[1997]
362 0 _aJune 1992-Autumn 1995
554 _aFour per year
651 4 _aUnited Kingdom
_y
690 _aBUILT ENVIRONMENT
780 0 0 _tHeritage Outlook
942 _n0
948 _c03/02/1995
999 _c118614
_d118614